Cours de minéralogie / (Record no. 157046)

MARC details
000 -LEADER
campo de control de longitud fija 00628nam a22001815i 4500
001 - NÚMERO DE CONTROL
campo de control 157046
003 - IDENTIFICADOR DE NÚMERO DE CONTROL
campo de control ES-MaACL
005 - FECHA Y HORA DE LA ÚLTIMA TRANSACCIÓN
campo de control 20260217063016.0
008 - DATOS DE LONGITUD FIJA--INFORMACIÓN GENERAL
campo de control de longitud fija 960402s1884 fr a |||| | fre d
040 ## - FUENTE DE CATALOGACIÓN
Centro catalogador/agencia de origen CLM
Lengua de catalogación spa
Centro/agencia transcriptor CLM
100 1# - ENTRADA PRINCIPAL--NOMBRE DE PERSONA
Nombre de persona Lapparent, Albert de,
Fechas asociadas al nombre 1839-1908
9 (RLIN) 152878
245 10 - MENCIÓN DEL TÍTULO
Título Cours de minéralogie /
Mención de responsabilidad, etc. par A. de Lapparent.
260 ## - PUBLICACIÓN, DISTRIBUCIÓN, ETC.
Lugar de publicación, distribución, etc. Paris :
Nombre del editor, distribuidor, etc. Librairie F. Savy,
Fecha de publicación, distribución, etc. 1884.
300 ## - DESCRIPCIÓN FÍSICA
Extensión XII, 560 p., [1] h. de lám. :
Otras características físicas il. ;
Dimensiones 25 cm.
650 #4 - PUNTO DE ACCESO ADICIONAL DE MATERIA--TÉRMINO DE MATERIA
Término de materia o nombre geográfico como elemento de entrada Mineralogía.
9 (RLIN) 15053
852 ## - LOCALIZACIÓN
Ubicación ES-MaACL
Número de control de estantería F-5655
Nota libre -- Enc. pasta española
Encuadernación -- Edic.: El imp. es Imprimerie A. Lahure
Holdings
Estatus retirado Estado de pérdida Estado de daño No para préstamo Colección Biblioteca de origen Biblioteca actual Ubicación en estantería Fecha de adquisición Fuente de adquisición Total de préstamos Signatura topográfica completa Código de barras Visto por última vez Precio de reemplazo Tipo de ítem Koha
        Libros del s. XIX Biblioteca del Ateneo de Madrid Biblioteca del Ateneo de Madrid Depósito 2 17/01/2008     F-5655 1164314 23/02/2023 23/02/2023 Libro impreso antiguo